000 00761cad a22002055a 4500
001 E144006
008 080611s2001 xxk f a000 0 eng d
035 _a(Sirsi) u144006
041 0 _aeng
110 2 _aScotland
_kLaws, etc
245 0 0 _aMortgage Rights (Scotland) Act 2001
_b(asp 11)
_h[electronic resource]
260 _aEdinburgh
_bTSO
_c2001
300 _a11p.
_c24cm.
490 0 _aCurrent Law Statutes
_vasp 11
650 2 4 _aMORTGAGE RIGHTS (SCOTLAND) ACT 2001
651 4 _aScotland
_y1999-
690 _aPROPERTY-RESIDENTIAL PROPERTY-RESIDENTIAL PROPERTY FINANCE AND INVESTMENT-MORTGAGING RESIDENTIAL PROPERTY
856 4 1 _uhttps://www.opsi.gov.uk/legislation/scotland/s-acts2001a
_zView the Act free of charge at www.opsi.gov.uk...
942 _n0
999 _c108343
_d108343